| 000 | 00428nam a22001697a 4500 | ||
|---|---|---|---|
| 005 | 20180810114053.0 | ||
| 008 | 160625b xxu||||| |||| 00| 0 eng d | ||
| 020 | _a81-203-1200-7 | ||
| 041 | _aeng | ||
| 082 |
_b9964 _a658.3 |
||
| 100 |
_aMcKENNA,EUGENE AND BEECH, NIC _94756 |
||
| 245 | _aThe Essence of Human Resource Management | ||
| 260 |
_bPHI _c2004 _aDELHI |
||
| 300 | _a196p, | ||
| 650 |
_aManagement _9241 |
||
| 942 | _cBK | ||
| 999 |
_c3921 _d3920 |
||